Report of the Karnataka Pay Commission, 1976 (Record no. 489324)

000 -LEADER
fixed length control field 00392cam a22001337a 4500
008 - FIXED-LENGTH DATA ELEMENTS--GENERAL INFORMATION
fixed length control field 180718b1976 xxu||||| |||| 00| 0 eng d
082 ## - DEWEY DECIMAL CLASSIFICATION NUMBER
Classification number K23x5444 K147
100 ## - MAIN ENTRY--PERSONAL NAME
Personal name Karnataka. Pay Commission
245 ## - TITLE STATEMENT
Title Report of the Karnataka Pay Commission, 1976
260 ## - PUBLICATION, DISTRIBUTION, ETC.
Place of publication, distribution, etc. Bangalore
Name of publisher, distributor, etc. The author
Date of publication, distribution, etc. 1976
300 ## - PHYSICAL DESCRIPTION
Extent 453+p
500 ## - GENERAL NOTE
General note Chairman: A. Naraina Pai
700 ## - ADDED ENTRY--PERSONAL NAME
Personal name Naraina Pai, A. (Chairman)
Holdings
Withdrawn status Lost status Damaged status Not for loan Permanent Location Current Location Date acquired Full call number Barcode Date last seen Price effective from Koha item type
        Indian Institute of Public Administration Indian Institute of Public Administration 2018-08-04 K23x5444 K147 G13774 2018-08-04 2018-08-04 G

Powered by Koha